ロード中...
Dependence and Disillusionment Emergence of national consciousness in later 19th century India
| 第一著者: | |
|---|---|
| フォーマット: | Printed Book |
| 言語: | English |
| 出版事項: |
New Delhi,
Mnas Pub.
1975
|
| LEADER | 00498nam a22001217a 4500 | ||
|---|---|---|---|
| 008 | 211103b |||||||| |||| 00| 0 eng d | ||
| 082 | |a 954.035 | ||
| 100 | |a Chandra,Sudhir | ||
| 245 | |a Dependence and Disillusionment |b Emergence of national consciousness in later 19th century India | ||
| 260 | |a New Delhi, |b Mnas Pub. |c 1975 | ||
| 942 | |c BK | ||
| 999 | |c 363080 |d 363080 | ||
| 952 | |0 0 |1 0 |2 ddc |4 0 |6 954_035000000000000_CHA_D |7 0 |9 422697 |a HIS |b HIS |c ST1 |d 2021-11-03 |i 17980 |l 0 |o 954.035 CHA/D |p HIS17980 |r 2021-11-03 |w 2021-11-03 |y BK | ||